=LDR 00000nam 2200000 4500 =001 INLIS000000000015611 =005 20250324101045 =035 ##$$a 0010-061300000015611 =008 250324################g##########0#ind## =041 ##$$a Indo =082 ##$$a 028.5 =090 ##$$a 028.5, Abd b =100 ##$$a Abdullah A.S =245 1#$$a Bangkit (Wiraswastawan Cilik), A.S.Abdullah /$c Abdullah A.S =260 ##$$a Jakarta :$b PT. Bina Rena Parawira,$c 1996 =300 ##$$a 101 hlm, : $b ilus ; $c 21 x 14,5 cm =650 #4$$a Bacaan Kanak-Kanak =850 ##$$a NBPNMAT =020 ##$$a 979-817 =084 ##$$a 028.5 ABD b =990 ##$$a 00040530 =990 ##$$a 00040531